<?xml version="1.0" encoding="UTF-8"?>
<marc:record xmlns:marc="http://www.loc.gov/MARC21/slim">
   <marc:leader>00000nam a2200000 a 4500</marc:leader>
   <marc:datafield ind1="1" ind2=" " tag="100">
      <marc:subfield code="a">Cunningham, Doreen</marc:subfield>
      <marc:subfield code="4">aut</marc:subfield>
      <marc:subfield code="e">Verfasser/-in</marc:subfield>
   </marc:datafield>
   <marc:datafield ind1="0" ind2="0" tag="245">
      <marc:subfield code="a">Der Gesang in den Meeren</marc:subfield>
   </marc:datafield>
   <marc:datafield ind1=" " ind2="1" tag="264">
      <marc:subfield code="b">Rowohlt</marc:subfield>
      <marc:subfield code="c">2022</marc:subfield>
   </marc:datafield>
   <marc:datafield ind1="1" ind2=" " tag="520">
      <marc:subfield code="a">Von den Lagunen in Baja California bis zu den Gletschern des Nordpolarmeers legen Grauwalmütter mit ihren Kälbern jährlich Tausende von Meilen in dem sich aufgrund des Klimawandels erwärmenden Meer zurück. Es ist die längste Wanderung eines Säugetiers auf unserem Planeten. Doreen Cunningham, selbst alleinerziehende Mutter, folgt den Walen auf dieser gefährlichen Reise, zusammen mit ihrem zweijährigen Sohn Max - in Bussen, Zügen und auf Schiffen, allein und auf sich gestellt.  Den Plan zu diesem Abenteuer hat sie an einem Tiefpunkt ihres Lebens gefasst: Gestrandet in einem Heim für obdachlose Mütter, erinnert sie sich an ihren Aufenthalt bei den Iñupiat im Norden Alaskas, an die unbändige Natur, die ihr schon einmal im Leben half. Nun will sie es mit Max erneut versuchen, ihm zeigen, wie Mensch und Wal verbunden sind, was Freiheit und Liebe bedeuten. In einer einzigartigen Mischung aus Memoir, Reisebericht und wissenschaftlicher Dokumentation erschafft Doreen Cunningham das berührend schöne Porträt einer bedrohten Welt.</marc:subfield>
   </marc:datafield>
   <marc:datafield ind1=" " ind2=" " tag="020">
      <marc:subfield code="a">9783498002428</marc:subfield>
      <marc:subfield code="9">9783498002428</marc:subfield>
   </marc:datafield>
</marc:record>
